• 首页
  • 本馆介绍
  • 公告通知
  • 最新文献
  • 馆藏检索
  • 电子资源
  • 读者导购
  • 参考咨询
  • 我的图书馆
  • 登录
  • 详细信息显示
  • 放入我的书架
  • 预约/预借图书
  • 作者相关作品
  • 分类相关作品
  • 丛书相关作品
  • 出版社相关作品

书目信息

  • 表格格式
  • 工作单格式
  • 卡片格式
题名:
萧军戏剧集
    
 
作者: 萧军 著
分册: 下  
出版信息: 哈尔滨   黑龙江人民出版社  1984
页数: 287~980页
开本: 20cm
丛书名:
单 册:
中图分类: I232.7 , I232
科图分类:
主题词: 京剧-剧本--中国--现代 , 剧本-京剧--中国--现代 , 戏剧文学--剧本--中国
电子资源:
ISBN:
000 00704nam0 2200265 45
001 0184005714
005 20040415163205.8
010    @dCNY5.90
100    @a19951027d1984 em y0chiy0121 ea
101 0  @achi
102    @aCN@b230000
105    @ay z 000yy
106    @ar
200 10 @a萧军戏剧集@h下@Axiao jun xi ju ji@f萧军著
210    @a哈尔滨@c黑龙江人民出版社@d1984
215    @a287~980页@d20cm
606    @a京剧-剧本@y中国@z现代
606    @a剧本-京剧@y中国@z现代
606 0  @a戏剧文学@x剧本@x中国
690    @aI232.7@v3
690    @aI232@v3
701  0 @a萧军@4著@Axiao jun
801  0 @aCN@b深圳图书馆@c20040415
801  2 @aCN@bNLC@c20040415
905    @f2@b254856-857@dI232@e102:2
    
    萧军戏剧集.下/萧军著.-哈尔滨:黑龙江人民出版社,1984
    287~980页;20cm
    
    
    ISBN :CNY5.90
    
●
相关链接 在E读中查询图书 在五车中查询图书 在当当中查询图书 在豆瓣中查询图书


正题名:萧军戏剧集     索取号:I232/102:2         预约/预借

序号 登录号 条形码 馆藏地/架位号 状态 备注
1 0254855   000767897   第一样本阅览室/ [索取号:I232/102:2] 在馆    
2 0254856   000767904   密集书库/ [索取号:I232/102:2] 在馆    
3 0254857   000767913   第二借阅区/ [索取号:I232/102:2] 在馆    
唐山师范学院图书馆 欢迎您!
大连网信软件有限公司© 版权所有